| 000 | 00407nam a22001337a 4500 | ||
|---|---|---|---|
| 040 | _cNUST | ||
| 082 | _a200 THE | ||
| 100 |
_aHuba Rana _992084 |
||
| 110 | _aSupervisor Dr. Afshan Naseem | ||
| 245 | _aTH-SOF-1997-Green Supply Chain Learning Model for Sustainable Performance in Manufacturing Sector | ||
| 260 |
_aISLAMABAD: _bNUST COLLEGE OF EME, _c2022. |
||
| 650 |
_aMS-EM-20 _992085 |
||
| 942 |
_2ddc _cTHE |
||
| 999 |
_c590188 _d590188 |
||